00337nam a2200121Ia 4500008004100000041000800041082001600049100001900065245004400084260004400128300003200172365001100204240624s9999 xx 000 0 und d aeng a332.642 KIS aKISSELL ROBERT aOPTIMAL TRADING STRATEGIES QUANTITATIVE c2007aNew DelhibPrentice-Hall of India axvii, : 382 : p. : cm. ; 24 cRSb36